| 000 | 00779nam a2200217Ia 4500 | ||
|---|---|---|---|
| 005 | 20241129104352.0 | ||
| 008 | 241129s9999||||xx |||||||||||||| ||und|| | ||
| 020 | _a9789389850178 | ||
| 037 | _aTextual | ||
| 040 |
_aRTL _beng _cRTL |
||
| 041 |
_aeng _2eng |
||
| 084 |
_aX9(JB):G:55) R0 _qRTL |
||
| 100 |
_aDamodaran Vinita; D'Souza Rohan _9726052 |
||
| 245 | 0 |
_aCommonwealth forestry and environmental histiry: Empire Forests and colonial environments in Africa the Carribean South asia and New Zealand _cDamodaran Vinita; D'Souza Rohan |
|
| 260 |
_aNew Delhi _bPrimus Books _c2020 |
||
| 300 | _axvii,589p. | ||
| 365 |
_aINR _b1895 |
||
| 650 |
_aEnvironmental History and Colonialism _9726053 |
||
| 942 |
_cTB _hX9(JB):G:55) R0 |
||
| 999 |
_c1225588 _d1225588 |
||